Biological control of Lasiodiplodia rot of mango fruits by yeasts (Record no. 59711)

MARC details
000 -LEADER
fixed length control field 02773cab a2200277Ia 45 0
001 - CONTROL NUMBER
control field u210455
003 - CONTROL NUMBER IDENTIFIER
control field SIRSI
008 - FIXED-LENGTH DATA ELEMENTS--GENERAL INFORMATION
fixed length control field 101219s2014 ua ss b eng d
040 ## - CATALOGING SOURCE
Original cataloging agency EAL
041 ## - LANGUAGE CODE
Language code of text/sound track or separate title eng
Language code of summary or abstract ara
090 ## - LOCALLY ASSIGNED LC-TYPE CALL NUMBER (OCLC); LOCAL CALL NUMBER (RLIN)
Classification number (OCLC) (R) ; Classification number, CALL (RLIN) (NR) ART AUJAS V22 No2 18
100 1# - MAIN ENTRY--PERSONAL NAME
Personal name Shehata, S. T.
240 10 - UNIFORM TITLE
Uniform title Arab universities journal of agricultural sciences, 2014 v. 22 (2)
Medium [electronic resource].
245 10 - TITLE STATEMENT
Title Biological control of Lasiodiplodia rot of mango fruits by yeasts
Medium [electronic resource].
246 15 - VARYING FORM OF TITLE
Title proper/short title المكافحة الحيوية لمرض عفن اللزيودبلولوديا على ثمار المانجو بالخمائر
300 ## - PHYSICAL DESCRIPTION
Extent p.439-453.
504 ## - BIBLIOGRAPHY, ETC. NOTE
Bibliography, etc. note Includes references.
520 ## - SUMMARY, ETC.
Summary, etc. Ninety nine yeast isolates were isolated from surface of mango fruits and were tested in vivo in preliminary study for biocontrol potential of Lasiodiplodia rot of mango fruits. According to primary screening, nine isolates were selected to continue the secondary screening using different concentrations of the washed yeast cells in water suspension to study their biocontrol efficacy at 16±1°C. It was found that using washed cells of yeast isolate Mg 147 (Candida multisgemmis) at 1x109 , 5x108 and 2x108 CFU/ml produced complete protection for 14 days to wounds of mango fruit inoculated with spore suspension of the fungus Lasiodiplodia theobromae 1 x1 05 conidia/mi. Meantime, no lesion developed on the mango fruit treated with the isolates Mg 39 (Pichia guilliermondii strain A) at the highest tested colony forming unit (CFU) levels, i.e. 1 x1 09 and 5x1 08 CFU/ml. Supernatant of the yeast cultures, tested in secondary screening, did not prevent spore germination of L. theobromae or decay of wounded mango fruit but had inhibitory effect. However, 1-Methylcyclopropene (1-MCP) treatment significantly reduced the infected area mm2 on mango fruit inoculated with L. theobromae ( 1 x1 05 conidia/ml) during the 14 days of storage at 16±1°C and improved efficacy of isolates Mg147 and Mg39. When applied as combined treatments between 1-MCP and biocontrol agents, no lesion developed on the fruit treated with the isolate Mg 147 at 1x 108 CFU/ml or higher. Meanwhile, no lesion developed on the fruit treated with the isolate Mg 39 at 2x 108 CFU/ml or higher while, the percentages of rot reduction were ranged between 94.1% - 81.3% for concentrations 1x108 and 6.6x107 CFU/ml respectively.
546 ## - LANGUAGE NOTE
Language note Summary in Arabic.
596 ## -
-- 1
650 #0 - SUBJECT ADDED ENTRY--TOPICAL TERM
Topical term or geographic name entry element Mango
General subdivision Diseases and pests
-- Biological control.
650 #0 - SUBJECT ADDED ENTRY--TOPICAL TERM
Topical term or geographic name entry element Yeasts.
650 #3 - SUBJECT ADDED ENTRY--TOPICAL TERM
Topical term or geographic name entry element Lasiodiplodia theobromae
773 0# - HOST ITEM ENTRY
Title Arab Universities Journal of Agricultural Sciences.
Related parts 2014.v. 22
International Standard Serial Number 1110-2675
Control subfield nnas
Record control number u118374
856 40 - ELECTRONIC LOCATION AND ACCESS
Uniform Resource Identifier <a href="http://nile.enal.sci.eg/EALE/2014/AUJAS/2214/2/439.pdf">http://nile.enal.sci.eg/EALE/2014/AUJAS/2214/2/439.pdf</a>
Public note Full Text Article.
942 ## - ADDED ENTRY ELEMENTS (KOHA)
Koha item type Articles
Source of classification or shelving scheme Library of Congress Classification

No items available.


Home | About ENAL | Collections | Services | Activities | Calendar | Contact us

7 Nadi El Sayed St., Giza, Egypt | Phone:02-33351121 +02-33351313 | 
| Email: enalegypt@gmail.com